[Event "Challenge"]
[Site "http://www.queenalice.com/game.php?id=77128"]
[Date "2006.6.16"]
[Round "-"]
[White "chazagirl"]
[Black "Affonso"]
[Result "1-0"]
[WhiteElo "1100"]
[BlackElo "1183"]

1. d4 d5 2. e3 e6 3. a3 c6 4. Bd2 Nf6 5. Bd3 Bd6 6. Nf3 O-O 7. h3 Nbd7 8. Nc3 c5
9. O-O cxd4 10. Nxd4 a5 11. e4 dxe4 12. Bxe4 h6 13. Ndb5 Qb6 14. Re1 Nxe4 15.
Rxe4 Nf6 16. Ra4 Bd7 17. Qe2 Bxb5 18. Nxb5 Bc5 19. Be3 Bxe3 20. Qxe3 Qxb5 21.
Rd4 1-0

[Event "Challenge"]
[Site "http://www.queenalice.com/game.php?id=77141"]
[Date "2006.6.16"]
[Round "-"]
[White "chazagirl"]
[Black "Affonso"]
[Result "1-0"]
[WhiteElo "1342"]
[BlackElo "1183"]

1. d4 d5 2. Nf3 e6 3. a3 c5 4. dxc5 Bxc5 5. e3 Ne7 6. Bd3 O-O 7. O-O a6 8. Nc3
b5 9. b4 Bd6 10. Ng5 Nf5 11. Nf3 f6 12. Bxf5 exf5 13. Nxd5 Be5 14. Bb2 Bxb2 15.
Ra2 Be5 16. h3 Bb7 17. Nh2 Bxd5 18. Qb1 Bxa2 19. Qxa2+ Kh8 20. f4 Bc7 21. Re1
1-0

[Event "Challenge"]
[Site "http://www.queenalice.com/game.php?id=77142"]
[Date "2006.6.16"]
[Round "-"]
[White "chazagirl"]
[Black "Affonso"]
[Result "1-0"]
[WhiteElo "1422"]
[BlackElo "1183"]

1. d4 d5 2. Nc3 e6 3. a3 Nc6 4. Nf3 a6 5. e3 Bd6 6. Bd3 h6 7. h3 Nf6 8. O-O e5
9. dxe5 Bxe5 10. e4 dxe4 11. Bxe4 Bxc3 12. bxc3 Nxe4 13. Bb2 Qxd1 14. Raxd1 O-O
15. c4 b5 16. cxb5 Na5 17. Nd2 axb5 18. Nxe4 Nc4 19. Rb1 Bf5 20. Rfe1 Bxe4 21.
Rxe4 1-0

[Event "Challenge"]
[Site "http://www.queenalice.com/game.php?id=143186"]
[Date "2006.12.18"]
[Round "-"]
[White "Tlaloc2k"]
[Black "chazagirl"]
[Result "1-0"]
[WhiteElo "1452"]
[BlackElo "1470"]

1. e4 c5 2. Bc4 e6 3. d3 h6 4. Nc3 a6 5. Qf3 Qe7 6. Bf4 Nc6 7. Nge2 Nf6 8. O-O
Na5 9. b3 d5 10. exd5 exd5 11. Bxd5 Rb8 12. Rae1 Qd7 13. Bxb8 Bd6 14. Bxd6 Qxd6
15. Nd4+ Kf8 16. Nf5 Bxf5 17. h3 g6 18. g4 Qd7 19. gxf5 gxf5 20. Re5 Rg8+ 21.
Kh2 Rg5 22. Rg1 Qe7 23. Rxe7 Kxe7 24. Rxg5 hxg5 25. Qxf5 b5 26. Qxg5 b4 27. Ne4
Kd7 28. Qxf6 Kc7 29. Qxf7+ Kb6 30. Nd6 Nxb3 31. cxb3 c4 32. Qb7+ Kc5 33. Qc6+
Kd4 34. Qxc4+ Ke5 35. Nf7+ Kf5 36. Qe4+ Kf6 37. Qe6+ Kg7 38. Ng5 a5 39. Be4 Kf8
40. Qf7# 1-0

[Event "Challenge"]
[Site "http://www.queenalice.com/game.php?id=144090"]
[Date "2006.12.20"]
[Round "-"]
[White "chazagirl"]
[Black "Tlaloc2k"]
[Result "0-1"]
[WhiteElo "1512"]
[BlackElo "1483"]

1. d4 d5 2. b3 e6 3. a3 c5 4. Nf3 h6 5. e3 Bd7 6. h3 a6 7. Bd3 Bd6 8. e4 cxd4 9.
Nxd4 dxe4 10. Bxe4 Bc6 11. Bxc6+ Nxc6 12. Nxc6 bxc6 13. O-O Nf6 14. Nc3 O-O 15.
Bb2 Qe7 16. Qf3 c5 17. Na4 Bc7 18. Nc3 Qd6 19. Qg3 Qxg3 20. fxg3 Bxg3 21. Ne2
Bh4 22. Bxf6 Bxf6 23. Rad1 Rab8 24. b4 cxb4 25. axb4 Rxb4 26. Rd6 Rb2 27. Rxa6
Rxc2 28. Nf4 Bd4+ 29. Kh2 Be5 30. Kg3 g5 31. Ra5 Bxf4+ 32. Kf3 e5 33. Ra4 h5 34.
g3 Rc3+ 35. Kg2 Rxg3+ 36. Kh2 Ra3+ 37. Rfxf4 exf4 38. Rxa3 Re8 39. Kg2 f5 40.
Ra5 Rf8 41. Ra6 g4 42. h4 f3+ 43. Kf2 f4 44. Rg6+ Kh7 45. Rg5 Kh6 46. Ra5 g3+
47. Kf1 Re8 48. Ra4 g2+ 49. Kf2 Re2+ 50. Kg1 Re1+ 51. Kf2 g1=Q+ 52. Kxf3 Qe3+
53. Kg2 Qg3# 0-1

[Event "Challenge"]
[Site "http://www.queenalice.com/game.php?id=145278"]
[Date "2006.12.23"]
[Round "-"]
[White "juleba"]
[Black "chazagirl"]
[Result "1-0"]
[WhiteElo "1514"]
[BlackElo "1410"]

1. e4 c5 2. d4 e6 3. d5 e5 4. Nf3 d6 5. Bb5+ Bd7 6. c4 a6 7. Bxd7+ Nxd7 8. O-O
Nb6 9. b3 h6 10. a4 a5 11. Nc3 Nd7 12. Nb5 Ngf6 13. Nh4 Nxe4 14. f3 Nef6 15. f4
exf4 16. Bxf4 Be7 17. Re1 O-O 18. Nxd6 Bxd6 19. Bxd6 Re8 20. Nf5 Rxe1+ 21. Qxe1
Nb6 22. Qg3 Nc8 23. Qxg7# 1-0

[Event "Challenge"]
[Site "http://www.queenalice.com/game.php?id=147937"]
[Date "2006.12.30"]
[Round "-"]
[White "chazagirl"]
[Black "Tlaloc2k"]
[Result "1/2-1/2"]
[WhiteElo "1508"]
[BlackElo "1517"]

1. d4 d5 2. e3 Nf6 3. Nf3 Bf5 4. Bd3 Qd7 5. h3 e6 6. a3 Nc6 7. Nc3 Bd6 8. e4
dxe4 9. Bxe4 O-O 10. Nd2 Nxe4 11. Ncxe4 Bxe4 12. Nxe4 f6 13. c3 Rae8 14. O-O Be7
15. Re1 f5 16. Nd2 Bd8 17. Nf3 h6 18. Qb3 Na5 19. Qc2 c6 20. Bf4 Nc4 21. Qb3 b5
22. Ne5 Qe7 23. Nxc4 bxc4 24. Qxc4 Qh4 25. Bg3 Qe7 26. Qxc6 f4 27. Bh2 Qf6 28.
Qf3 Bc7 29. Qb7 Bb6 30. f3 Qf5 31. Qe4 Qxe4 32. Rxe4 g5 33. h4 e5 34. hxg5 hxg5
35. Kf1 exd4 36. Bg1 Rxe4 37. fxe4 d3 38. Bxb6 axb6 39. Rd1 Re8 40. Rxd3 Rxe4
41. Rd8+ Kf7 42. Rb8 Re6 43. Rb7+ Kf6 1/2-1/2

[Event "Challenge"]
[Site "http://www.queenalice.com/game.php?id=148140"]
[Date "2006.12.30"]
[Round "-"]
[White "reginatto"]
[Black "chazagirl"]
[Result "0-1"]
[WhiteElo "1418"]
[BlackElo "1452"]

1. f4 e6 2. b3 d5 3. e4 dxe4 4. g3 Bd7 5. h4 Nf6 6. c4 Bc6 7. a3 e3 8. Qc2 Bxh1
9. dxe3 Be4 10. Bd3 Bxd3 11. Qd2 Nc6 12. Nc3 Na5 13. e4 Nxb3 14. Qb2 Nxa1 15.
Qb5+ Nd7 16. f5 Nc2+ 17. Kd2 Nxa3 18. Qxb7 Bxc4 19. Nf3 Nf6+ 20. Ke1 Nc2+ 21.
Kf2 Bc5+ 22. Kg2 O-O 23. e5 Ng4 24. Qe4 exf5 25. Qxc4 Bb6 26. Bg5 Qd7 27. Na4
Nce3+ 28. Kh3 Nxc4 29. Nc3 Nf2+ 30. Kg2 Qc6 31. h5 Nxe5 32. Be7 Rfe8 33. Ba3
Nxf3 34. Kf1 Qxc3 35. Kg2 Qxa3 36. g4 Ne1+ 37. Kf1 Qh3+ 0-1

[Event "Challenge"]
[Site "http://www.queenalice.com/game.php?id=153637"]
[Date "2007.1.13"]
[Round "-"]
[White "nandolessa"]
[Black "chazagirl"]
[Result "0-1"]
[WhiteElo "1412"]
[BlackElo "1485"]

1. e4 c5 2. Nf3 Nc6 3. Bb5 Nd4 4. Nxd4 cxd4 5. d3 a6 6. Ba4 e5 7. O-O Nf6 8. Bg5
h6 9. Bh4 Be7 10. a3 O-O 11. c3 d5 12. Bxf6 Bxf6 13. cxd4 exd4 14. Re1 b5 15.
Bb3 Bb7 16. Qh5 Qd7 17. Bxd5 Bxd5 18. exd5 Rad8 19. Nd2 Qxd5 20. Qxd5 Rxd5 21.
Re4 Rc8 22. h3 Rdc5 23. Rae1 Rc2 24. b3 Rxd2 25. Re8+ Rxe8 26. Rxe8+ Kh7 27. Ra8
Rd1+ 28. Kh2 Be5+ 29. g3 g5 30. Rxa6 Rxd3 31. b4 Rc3 32. Ra5 f6 33. Kg2 d3 34.
Rxb5 Rxa3 35. Rd5 Rb3 36. b5 d2 37. Rxd2 Rxb5 38. Re2 Kg6 39. f3 f5 40. Re1 Rb2+
41. Kh1 Bxg3 42. Rg1 Rh2# 0-1

[Event "Challenge"]
[Site "http://www.queenalice.com/game.php?id=159369"]
[Date "2007.1.26"]
[Round "-"]
[White "reginatto"]
[Black "chazagirl"]
[Result "0-1"]
[WhiteElo "1422"]
[BlackElo "1486"]

1. b4 d5 2. g3 e6 3. Nc3 Bd7 4. a4 Be7 5. Bh3 Bf6 6. e3 Bc6 7. b5 Bd7 8. Rb1 c6
9. bxc6 Bxc6 10. Ba3 d4 11. exd4 Bxh1 12. Rb5 Bxd4 13. Nge2 Bc6 14. Rb4 Bc5 15.
Rb3 Nd7 16. d4 Bxa3 17. Rxa3 Ngf6 18. Nf4 Qe7 19. Rb3 Bd5 20. Nfxd5 Nxd5 21. Bg4
N7f6 22. Be2 O-O 23. h4 Rfc8 24. Na2 a6 25. c3 Nd7 26. Bd3 e5 27. Qh5 g6 28. Qf3
exd4+ 29. Be4 dxc3 30. Nxc3 Nxc3 31. Rxc3 Rxc3 32. Qxc3 Qxe4+ 33. Kf1 Qh1+ 34.
Ke2 Re8+ 35. Kd3 Qf1+ 36. Kd4 Qxf2+ 37. Kd5 Qa2+ 38. Kd4 Qxa4+ 39. Kd3 Qb5+ 40.
Kc2 Qe2+ 41. Kb3 Qd1+ 42. Kc4 Nb6+ 43. Kb4 Nd5+ 44. Kc4 Nxc3 45. Kxc3 Rc8+ 46.
Kb4 Qe1+ 47. Kb3 Qc3+ 48. Ka4 b5# 0-1

[Event "Challenge"]
[Site "http://www.queenalice.com/game.php?id=165894"]
[Date "2007.2.9"]
[Round "-"]
[White "luizachess"]
[Black "chazagirl"]
[Result "0-1"]
[WhiteElo "1173"]
[BlackElo "1479"]

1. d4 d5 2. Nc3 e6 3. h4 h6 4. Nb5 Bd7 5. Nc3 Nf6 6. e3 Bd6 7. b3 O-O 8. Qd3 a6
9. Nce2 e5 10. Ng3 Bb4+ 11. c3 Bd6 12. Be2 exd4 13. b4 dxe3 14. Bd1 exf2+ 15.
Kxf2 Nc6 16. Bc2 Ne5 17. Qe2 Neg4+ 18. Kf1 Re8 19. Qd3 c6 20. Nh5 g6 21. Nxf6+
Qxf6+ 22. Nf3 Ne5 23. h5 Nxd3 24. Bxd3 Qxc3 25. Rb1 Qxd3+ 26. Kf2 Qxb1 27. Nd2
Qxa2 28. hxg6 fxg6 29. Rxh6 Rf8+ 30. Ke1 Rae8+ 31. Kd1 Qb3+ 32. Nxb3 Bg4+ 33.
Kc2 Re2+ 34. Kb1 Bf5+ 35. Ka1 Be5+ 36. Bb2 Rxb2 37. Nc1 Rxg2# 0-1

[Event "Challenge"]
[Site "http://www.queenalice.com/game.php?id=165989"]
[Date "2007.2.9"]
[Round "-"]
[White "Tlaloc2k"]
[Black "chazagirl"]
[Result "0-1"]
[WhiteElo "1569"]
[BlackElo "1509"]

1. e4 c5 2. d3 h6 3. f4 e6 4. Bd2 d5 5. e5 f6 6. Nf3 Ne7 7. Be2 Nec6 8. Be3 Be7
9. O-O O-O 10. Nbd2 b6 11. Nh4 Ba6 12. Ng6 Re8 13. Bh5 Qc7 14. exf6 Bxf6 15. Ne5
Rc8 16. Bf7+ Kf8 17. Bh5 Nxe5 18. fxe5 Qxe5 19. Bf2 Nc6 20. Qg4 Qf5 21. Qg6 Qxg6
22. Bxg6 Ne7 23. Bh5 c4 24. c3 cxd3 25. Bg4 Rd8 26. Bxe6 Bc8 27. Bxc8 Rdxc8 28.
Rac1 Nf5 29. b3 Kg8 30. c4 dxc4 31. bxc4 Bd4 32. Bxd4 Nxd4 33. Rc3 Ne2+ 34. Kf2
Nxc3 35. Ke3 Nxa2 36. Kxd3 Rd8+ 37. Kc2 Nb4+ 0-1

[Event "Challenge"]
[Site "http://www.queenalice.com/game.php?id=170350"]
[Date "2007.2.18"]
[Round "-"]
[White "fredyfabian"]
[Black "chazagirl"]
[Result "1-0"]
[WhiteElo "1498"]
[BlackElo "1559"]

1. d4 d5 2. b3 Nf6 3. c4 dxc4 4. bxc4 h6 5. Nf3 e6 6. e4 Nxe4 7. Bd3 Nd6 8. c5
Nf5 9. Bxf5 exf5 10. Qe2+ Be7 11. O-O O-O 12. Nbd2 Nc6 13. Bb2 b6 14. Qe3 bxc5
15. dxc5 Ba6 16. Rfd1 Qc8 17. Ne5 Nb4 18. Qc3 Nd5 19. Qg3 Bxc5 20. Nd3 Bxd3 21.
Qxg7# 1-0

[Event "Challenge"]
[Site "http://www.queenalice.com/game.php?id=179750"]
[Date "2007.3.10"]
[Round "-"]
[White "Tlaloc2k"]
[Black "chazagirl"]
[Result "0-1"]
[WhiteElo "1558"]
[BlackElo "1536"]

1. d4 d5 2. Nc3 e6 3. Bf4 Bd6 4. e3 Bxf4 5. exf4 Nf6 6. Nge2 h6 7. Ng3 a6 8. Bd3
c6 9. Qe2 O-O 10. O-O-O Nbd7 11. f5 exf5 12. Qe3 Nb6 13. Nce2 Ng4 14. Qf4 Be6
15. Nxf5 Qg5 16. Rdf1 Qxf4+ 17. Nxf4 Bxf5 18. Bxf5 Nf6 19. Re1 Nbd7 20. Re7 Nb6
21. Rxb7 Nc8 22. Rc7 Nd6 23. Rxc6 Nxf5 24. Ne2 Ne4 25. f3 Nf6 26. g4 Nh4 27. f4
Nxg4 28. Nc3 Rfd8 29. Rc5 Nf2 30. Rf1 Ne4 31. Nxe4 dxe4 32. Rh5 Ng2 33. Rg1 Nxf4
34. Rxh6 Ne2+ 35. Kd2 Nxg1 36. Rh4 Nf3+ 37. Ke3 Nxh4 0-1

[Event "Challenge"]
[Site "http://www.queenalice.com/game.php?id=185120"]
[Date "2007.3.20"]
[Round "-"]
[White "Tlaloc2k"]
[Black "chazagirl"]
[Result "0-1"]
[WhiteElo "1510"]
[BlackElo "1535"]

1. d4 d5 2. Bf4 h6 3. e3 a6 4. Qf3 e6 5. Bd3 Bd7 6. Ne2 Bd6 7. O-O Nf6 8. Nbc3
O-O 9. Ng3 Bxf4 10. exf4 b5 11. Nh5 Nxh5 12. Qxh5 Nc6 13. Ne2 Qf6 14. c3 b4 15.
Rac1 bxc3 16. Nxc3 Nxd4 17. Ne2 Bb5 18. Bxb5 axb5 19. Rxc7 Nxe2+ 20. Qxe2 Qxf4
21. Rc3 Rxa2 22. Qxb5 Rfa8 23. g3 Qd2 24. Qb4 Rxb2 25. Rb3 Qxb4 26. Rxb4 Rxb4
27. Kg2 Ra2 28. h4 Rba4 0-1

[Event "Challenge"]
[Site "http://www.queenalice.com/game.php?id=191690"]
[Date "2007.4.4"]
[Round "-"]
[White "chazagirl"]
[Black "Tlaloc2k"]
[Result "1-0"]
[WhiteElo "1554"]
[BlackElo "1616"]

1. d4 e6 2. a3 Nf6 3. e3 d5 4. Bd3 Bd6 5. Nf3 Nc6 6. Nc3 Ne7 7. e4 dxe4 8. Bxe4
O-O 9. O-O c6 10. g3 b5 11. Bg5 Nxe4 12. Nxe4 Bc7 13. Bxe7 Qxe7 14. Qd3 f6 15.
Qb3 Bb7 16. Nc5 Bc8 17. Rfe1 Kh8 18. Nxe6 Bxe6 19. Qxe6 Qxe6 20. Rxe6 g5 21.
Rxc6 Rac8 22. d5 g4 23. d6 Bxd6 24. Rxc8 Rxc8 25. Nd4 Be5 26. Nxb5 Rxc2 27. Nxa7
Bxb2 28. Ra2 Rc1+ 29. Kg2 Bd4 30. Nb5 Bc5 31. h3 gxh3+ 32. Kxh3 Rh1+ 33. Kg2 Rb1
34. a4 f5 35. Nc3 Rb8 36. a5 Rg8 37. Na4 Bd6 38. a6 f4 39. Kf3 fxg3 40. fxg3
Rxg3+ 41. Ke4 h5 42. a7 Rg8 43. Nb6 Bc7 44. Nd5 Rg4+ 45. Kf5 Rg7 46. a8=Q+ Rg8
47. Nxc7 1-0

[Event "Challenge"]
[Site "http://www.queenalice.com/game.php?id=228554"]
[Date "2007.6.21"]
[Round "-"]
[White "chazagirl"]
[Black "Tlaloc2k"]
[Result "0-1"]
[WhiteElo "1576"]
[BlackElo "1463"]

1. d4 Nf6 2. Nc3 d5 3. h3 e6 4. a3 Be7 5. e3 O-O 6. Be2 Nc6 7. Nf3 h6 8. O-O Bd7
9. Bd2 Bd6 10. Re1 a6 11. Bd3 Na5 12. e4 Nc4 13. Bxc4 dxc4 14. d5 e5 15. Ne2
Nxe4 16. Be3 f5 17. c3 f4 18. Bd2 b5 19. Bc1 c6 20. dxc6 Bxc6 21. b3 Ng5 22.
Nxg5 Qxg5 23. g3 Qg6 24. Kf1 Rad8 25. bxc4 f3 26. Ng1 e4 27. h4 Bxg3 28. fxg3
Qxg3 29. Be3 Qg2# 0-1

[Event "Artista Fina!"]
[Site "http://www.queenalice.com/game.php?id=320890"]
[Date "2007.12.16"]
[Round "-"]
[White "chazagirl"]
[Black "Tlaloc2k"]
[Result "0-1"]
[WhiteElo "1538"]
[BlackElo "1627"]

1. d4 e6 2. a3 Qf6 3. e3 Ne7 4. Be2 Ng6 5. Nf3 Bd6 6. Nc3 O-O 7. Bd2 a6 8. h3 b5
9. Ne4 Qe7 10. Bd3 e5 11. dxe5 Nxe5 12. Nxe5 Bxe5 13. Rb1 Nc6 14. Bc3 Bxc3+ 15.
Nxc3 Qe6 16. O-O d6 17. Ne4 Bb7 18. Re1 Ne7 19. Qe2 Bxe4 20. Bxe4 Qxe4 21. Qd3
Qxd3 22. cxd3 c5 23. Ra1 a5 0-1

[Event "Excellent Artist!!"]
[Site "http://www.queenalice.com/game.php?id=320893"]
[Date "2007.12.16"]
[Round "-"]
[White "Tlaloc2k"]
[Black "chazagirl"]
[Result "1-0"]
[WhiteElo "1613"]
[BlackElo "1553"]

1. c4 d6 2. e4 e5 3. Nc3 a6 4. Nf3 Be6 5. d3 h6 6. Be2 Be7 7. O-O Nf6 8. Be3 O-O
9. Qb3 Nc6 10. Qxb7 Na5 11. Qb4 Nc6 12. Qb3 Nh5 13. d4 exd4 14. Bxd4 Bd7 15. Qd1
Bf6 16. Nd5 Bxd4 17. Nxd4 Nxd4 18. Qxd4 Bc6 19. Bxh5 Bxd5 20. cxd5 Qd7 21. Rae1
Rab8 22. Re3 c6 23. Rg3 Rfe8 24. Qxg7# 1-0